header

Bittersweet (Record no. 54578)

MARC details
000 -LEADER
fixed length control field 01029nam a2200265Ia 4500
245 00 - TITLE STATEMENT
Title Bittersweet
260 ## - PUBLICATION, DISTRIBUTION, ETC. (IMPRINT)
Place of publication Canberra :
Name of publisher Pandanus Books,
Year of publication 2004.
300 ## - PHYSICAL DESCRIPTION
Number of Pages 407 p. :
Other physical details ill.
650 #0 - SUBJECT ADDED ENTRY--TOPICAL TERM
Topical Term East Indians
700 1# - ADDED ENTRY--PERSONAL NAME
Personal name Lal, Brij.
856 40 - ELECTRONIC LOCATION AND ACCESS
Uniform Resource Identifier http://site.ebrary.com/lib/rucke/Doc?id=10078594

No items available.

© 2026 Rongo University
Contact us: librarian | system librarian | Rongo university